00664nam a2200229Ia 450000100060000000300090000600800410001504000130005604000130006904100120008210000170009410000290011124500360014024500240017626000140020026000310021426000490024530000560029450000300035065000230038065000310040333845IT-RoPAU130308s9999 xx 000 0 und d aIT-RoPAU cIT-RoPAU aINGLESE aSavage Roger gCodice Aut. SPICS: 14944 aRadio Plays of Henry Reed (The) bBritish Radio Drama aCAMBRIDGE bCambridge University Press c1981 [1° Ed.:1981 - Ed.Ling.Originale:1981] a"3 p. (prefazione: no ; testo: [pagine: 158-190])" aRadiodrammi di Henry Reed aGENERI RADIOFONICI eCodice materia Spics: 6910